Friends Cast and Characters by Number of Episodes - Statistics

General Stats
  • This quiz has been taken 164 times
  • The average score is 32 of 88
Answer Stats
Hint Answer % Correct
234 Chandler Bing
97%
234 Dr. Ross Geller
96%
234 Joey Tribbiani
96%
234 Monica Geller
95%
234 Phoebe Buffay / Ursula Buffay
95%
234 Rachel Green
94%
56 Gunther
85%
18 Janice Hosenstein
84%
19 Judy Geller
84%
9 Dr. Richard Burke
79%
20 Jack Geller
78%
16 Mike Hannigan
78%
15 Carol Willick
77%
7 Ben Geller
72%
5 Ben Geller
72%
5 Ben Geller
72%
5 David
71%
12 Susan Bunch
71%
14 Emily Waltham
66%
234 Jennifer Aniston
63%
234 Matthew Perry
62%
234 David Schwimmer
61%
234 Lisa Kudrow
61%
234 Matt LeBlanc
61%
234 Courteney Cox
60%
8 Charlie Wheeler
57%
8 Frank Buffay Jr.
55%
7 Tag Jones
55%
7 Julie
49%
6 Kathy
48%
5 Nora Tyler Bing
46%
7 Mona
45%
11 Estelle Leonard
43%
6 Alice Knight Buffay
42%
5 Elizabeth Stevens
42%
6 Pete Becker
42%
4 Dr. Leonard Green
41%
5 Mr. Heckles
40%
5 Janine Lecroix
39%
5 Joshua Burgin
38%
4 Paolo
37%
16 Paul Rudd
36%
7 Cole Sprouse
32%
6 Barry Farber
31%
9 Tom Selleck
30%
4 Gary
28%
6 Mark Robinson
28%
4 Erica
25%
18 Maggie Wheeler
25%
7 Lauren Tom
24%
6 Mr. Zelner
24%
5 Mr. Treeger
21%
56 James Michael Tyler
20%
20 Elliott Gould
18%
5 Hank Azaria
18%
8 Aisha Tyler
17%
19 Christina Pickles
17%
5 Elle Macpherson
15%
7 Eddie Cahill
14%
8 Giovanni Ribisi
11%
4 Sophie
11%
14 Helen Baxendale
9%
6 Jon Favreau
9%
5 Tate Donovan
9%
4 Anna Faris
8%
6 Dr. Long
7%
6 Debra Jo Rupp
6%
5 Morgan Fairchild
6%
7 Bonnie Somerville
5%
15 Jane Sibbett
4%
11 June Gable
4%
6 Paget Brewster
4%
5 Alexandra Holden
3%
12 Jessica Hecht
3%
4 Michael Rapaport
3%
5 Charles Thomas Allen
2%
4 Cosimo Fusco
2%
4 Jasmine
2%
4 John Christopher Allen
2%
5 Larry Hankin
2%
6 Mitchell Whitfield
1%
4 Ron Leibman
1%
6 Steve Ireland
1%
6 Steven Eckholdt
1%
6 Amanda Carlin
0%
4 Cynthia Mann
0%
4 Laura Dean
0%
5 Mike Hagerty
0%
No matching quizzes found
Score Distribution
Percent of People with Each Score
Percentile by Number Answered
Your Score History
You have not taken this quiz